00000000nam 2200000zi 4500
0019.950159
003CaOODSP
00520250821105725
006m     o  d f      
007cr mn|||||||||
008250415t20252025onc     o    f000 0 eng d
020 |a9780660769417
040 |aCaOODSP|beng|erda|cCaOODSP
043 |an-cn---
0861 |aH149-34/3-2025E-PDF|zH149-34/3-2025E
24504|aThe Tobacco and Vaping Products Act (TVPA) : |btobacco products and promotions.
24610|aTobacco products and promotions
264 1|a[Ottawa] : |bHealth Canada = Santé Canada, |c[2025]
264 4|c©2025
300 |a1 online resource (3 pages)
336 |atext|btxt|2rdacontent
337 |acomputer|bc|2rdamedia
338 |aonline resource|bcr|2rdacarrier
500 |aCaption title.
500 |aIncorrect catalogue number (H149-34/3-2025E) printed in this publication.
500 |aIssued also in French under title: La Loi sur le tabac et les produits de vapotage (LTPV) : produits du tabac et promotion.
520 |a"Tobacco product means a product made in whole or in part of tobacco, including tobacco leaves. It includes papers, tubes and filters intended for use with that product, a device, other than a water pipe, that is necessary for the use of that product and the parts that may be used with the device"--Page [1].
530 |aIssued also in printed form.
61010|aCanada. |tTobacco and Vaping Products Act.
650 0|aTobacco products|xLaw and legislation|zCanada.
650 0|aVaping|xLaw and legislation|zCanada.
650 0|aYouth|xTobacco use|zCanada.
7101 |aCanada. |bHealth Canada, |eissuing body.
77508|tLa Loi sur le tabac et les produits de vapotage (LTPV) : |w(CaOODSP)9.950161
7760#|tThe Tobacco and Vaping Products Act : |w(CaOODSP)9.950160
85640|qPDF|s74.0 KB|uhttps://publications.gc.ca/collections/collection_2025/sc-hc/H149-34-3-2025-eng.pdf
986 |a250020